ბათუმის შოთა რუსთაველის სახელმწიფო უნივერსიტეტის ბიბლიოთეკა

სექსუალურობის ფსიქოლოგია / (ბიბ.ჩანაწერი № 51342)

000 -ლიდერი
ფიქსირებული სიგრძის საკონტროლო ველი 01332nam a2200277Ia 4500
001 - საკონტროლო ნომერი
საკონტროლო ველი 18311
003 - საკონტროლო ნომრის იდენტიფიკატორი
საკონტროლო ველი GE_BSU
005 - ბოლო ოპერაციის თარიღი და დრო
საკონტროლო ველი 20221130142950.0
008 - ფიქსირებული სიგრძის მონაცემთა ელემენტები - ზოგადი ინფორმაცია
ფიქსირებული სიგრძის საკონტროლო ველი 181216s2013||||ge |||||||||||||| ||geo||
020 ## - წიგნის საერთაშორისო სტანდარტული ნომერი
International Standard Book Number 9789941059636x
040 ## - კატალოგიზაციის წყარო
Transcribing agency GE_BSU
041 ## - ენის კოდი
Language code of text/sound track or separate title geo
080 ## - უნივერსალური ათობითი კლასიფიკაციის ინდექსი
Universal Decimal Classification number 159.922.1 ფ-95
100 ## - მთავარი ჩანაწერი - პიროვნების სახელი
Personal name ფროიდი, ზიგმუნდ
9 (RLIN) 11892
245 ## - ცნობა სათაურის შესახებ
Title სექსუალურობის ფსიქოლოგია /
Statement of responsibility, etc ზიგმუნდ ფროიდი; რედ. ლ.თურმანიძე, მთარგმნ-ბი ნ.თურმანიძე, ლ.ბულია.
264 ## - წარმოების, გამოცემის, დისტრიბუციის და სხვა ცნობები
გამოცემის, წარმოების, დისტრიბუციის... ადგილი თბილისი :
გამოცემის, წარმოების, დისტრიბუციის... სახელწოდება გეო,
გამოცემის, წარმოების, დისტრიბუციის... თარიღი 2013.
300 ## - ფიზიკური აღწერა
Extent 163 გვ.;
Other physical details 20 სმ.
653 ## - INDEX TERM--UNCONTROLLED
Uncontrolled term სქესობრივი ცხოვრების ფსიქოლოგია
653 ## - INDEX TERM--UNCONTROLLED
Uncontrolled term სქესობრივი გადახრები და გაუკუღმართებები
653 ## - INDEX TERM--UNCONTROLLED
Uncontrolled term ნევროტიკები და ისტერიულობა
700 ## - ADDED ENTRY--PERSONAL NAME
Personal name თურმანიძე, ლ
Relator term რედაქტორი
9 (RLIN) 1756
700 ## - ADDED ENTRY--PERSONAL NAME
Personal name თურმანიძე, ნ.
Relator term მთარგმნელი
9 (RLIN) 16194
700 ## - ADDED ENTRY--PERSONAL NAME
Personal name ბულია, ლ.
Relator term მთარგმნელი
9 (RLIN) 16195
942 ## - ADDED ENTRY ELEMENTS (KOHA)
Koha item type წიგნი
Source of classification or shelving scheme
ეგზემპლარები
ჩამოწერის სტატუსი დაკარგული ეგზემპლარის სტატუსი კლასიფიკაციის წყარო ან თაროზე გაწყობის სქემა დაზიანების სტატუსი არ გაიცემა მუდმივი მდებარეობა (დაცვის ადგილი) ამჟამინდელი ადგილსამყოფელი თაროზე განთავსების ადგილი შეძენის თარიღი ღირებულება, შესყიდვის ნორმალური ფასი სრული შენახვის შიფრი შტრიხკოდი ბოლო ოპერაციის თარიღი ეგზემპლარის მიმდევრობითი ნომერი (კეტერი?) ფასის ძალაში შესვლის თარიღი ეგზემპლარის სახეობა საჯარო შენიშვნა
          ბათუმის შოთა რუსთაველის სახელმწიფო უნივერსიტეტის მთავარი ბიბლიოთეკა ბათუმის შოთა რუსთაველის სახელმწიფო უნივერსიტეტის მთავარი ბიბლიოთეკა წიგნსაცავი 2018-12-17 7.45 159.922.1 ფ-95 46751 2018-12-17 46751 2018-12-17 წიგნი 7 ლ.45 თ.
          ბათუმის შოთა რუსთაველის სახელმწიფო უნივერსიტეტის მთავარი ბიბლიოთეკა ბათუმის შოთა რუსთაველის სახელმწიფო უნივერსიტეტის მთავარი ბიბლიოთეკა წიგნსაცავი 2018-12-17 7.45 159.922.1 ფ-95 46752 2018-12-17 46752 2018-12-17 წიგნი 7 ლ.45 თ.
          ბათუმის შოთა რუსთაველის სახელმწიფო უნივერსიტეტის მთავარი ბიბლიოთეკა ბათუმის შოთა რუსთაველის სახელმწიფო უნივერსიტეტის მთავარი ბიბლიოთეკა წიგნსაცავი 2018-12-17 6.79 159.922.1 ფ-95 54522 2018-12-17 54522 2018-12-17 წიგნი 6 ლ.79 თ.